Živnostenské noviny týždenník pre hospodárstvo a živnosť

Bibliographic Details
Format: Newspaper
Language:Slovak
PhysicalDescription:5 zv. 44 cm
Published: Bratislava Obchodná a priemyselná komora 1946-1950
Bratislava Slovenský živnostenský zväz
Subjects:

MARC

LEADER 00000cas a2200000 a 4500
001 vtls001430068
003 SK-MaSNL
005 20260228160440.0
008 180813d19461950xo wr|ne 0 0b0slo
035 |a SNK000385089 
040 |a SNK  |b slo  |c SNK  |e AACR2 
041 0 |a slo 
044 |a xo  |c SK 
072 7 |a 334  |x Formy organizácie a spolupráce v ekonomike  |2 konspekt 
072 7 |a 330.53+338  |x Národné hospodárstvo a hospodárska politika  |2 konspekt 
080 |a 334-051  |2 2011 
080 |a 050  |2 2001 
080 |a 330.5+338  |2 2011 
080 |a 070.48  |2 2011 
245 0 0 |a Živnostenské noviny  |b týždenník pre hospodárstvo a živnosť 
260 |a Bratislava  |b Obchodná a priemyselná komora  |c 1946-1950 
260 2 |3 1949-1950  |a Bratislava  |b Slovenský živnostenský zväz 
300 |a 5 zv.  |c 44 cm 
310 |a 1x týždenne 
362 0 |a Roč. 1, č. 1 (máj 1946)-roč. 5, č. 26 (29. jún 1950) 
500 |a Podnázov sa mení 
650 0 7 |a živnostníci  |2 SNKPH  |9 14540 
650 0 7 |a hospodárstvo  |2 SNKPH  |9 14275 
655 7 |a noviny  |2 SNKPH  |9 72987 
850 |a Slovenská národná knižnica v Martine 
910 |a snk 
916 |a 1946-1950 
999 |c 2563  |d 4493 
952 |0 0  |1 0  |4 0  |7 0  |a SNK  |b SNK  |d 2002-02-27  |f 1  |i snk 132/48  |l 0  |o snkČSA 251/2/1947  |p 17A0335409  |r 2005-01-02 00:00:00  |t č. 1-51  |w 2026-02-21  |y PREZ 
952 |0 0  |1 0  |4 0  |7 0  |a SNK  |b SNK  |d 2002-02-27  |i snk 194/49  |l 0  |o snkČSA 251/3/1948 D1  |p 17A0335411  |r 2005-01-02 00:00:00  |t č. 1-52, neúplné  |w 2026-02-21  |y PREZ  |z Chýba č. 14, 26 
952 |0 0  |1 0  |4 0  |7 0  |a SNK  |b SNK  |d 2002-02-27  |f 1  |i snk 278/50  |l 0  |o snkČSA 251/4/1949  |p 17A0335414  |r 2005-01-02 00:00:00  |t č. 1-52 + príl.  |w 2026-02-21  |y PREZ  |z Od č. 4/1979 po č. 8/1949 má príl.: úryvky z príručiek-Ako vyrábame ceny ; a Sto otázok a odpovedí na nové ceny a dane 
952 |0 0  |1 0  |4 0  |7 0  |a SNK  |b SNK  |d 2002-02-27  |f 1  |i snk 446/52  |l 0  |o snkČSA 251/5/1950  |p 17A0335424  |r 2005-01-02 00:00:00  |t č. 1-26  |w 2026-02-21  |y PREZ 
952 |0 0  |1 0  |4 0  |7 0  |a SNK  |b SNK  |d 2003-08-26  |l 0  |o snkČSA 251/1/1946 D1  |p 17A0394230  |r 2005-01-02 00:00:00  |w 2026-02-21  |y PREZ 
952 |0 0  |1 0  |4 0  |7 0  |a SNK  |b SNK  |d 2003-08-26  |l 0  |o snkČSA 251/2/1947 D1  |p 17A0394231  |r 2005-01-02 00:00:00  |w 2026-02-21  |y PREZ 
952 |0 0  |1 0  |4 0  |7 1  |8 5  |a SNK  |b SNK  |d 2003-08-27  |f 1  |i snkČSF 880/56  |l 0  |o snkČSA 251/3/1948  |p 17A0394179  |r 2005-01-02 00:00:00  |t č. 1-52  |w 2026-02-21  |y NEVYP 
952 |0 0  |1 0  |4 0  |7 0  |a SNK  |b SNK  |d 2003-08-27  |l 0  |o snkČSA 251/4/1949 D1  |p 17A0394181  |r 2005-01-02 00:00:00  |w 2026-02-21  |y PREZ 
952 |0 0  |1 0  |4 0  |7 0  |a SNK  |b SNK  |d 2003-08-27  |l 0  |o snkČSA 251/5/1950 D1  |p 17A0394423  |r 2005-01-02 00:00:00  |w 2026-02-21  |y PREZ 
952 |0 0  |1 0  |4 0  |7 0  |a SNK  |b SNK  |d 2002-02-27  |f 1  |i snk 28/47  |l 0  |o snkČSA 251/1/1946  |p 17A0335408  |r 2005-01-02 00:00:00  |t č. 1-34  |w 2026-02-21  |y PREZ